| 000 | 00669nam a2200193Ia 4500 | ||
|---|---|---|---|
| 003 | GCL | ||
| 008 | 140319s9999 xx 000 0 ara d | ||
| 040 |
_aGCL / _cGCL |
||
| 082 | 0 | 4 |
_a415 _bك ا |
| 100 | 1 | _aكمال الدين عبدالرزاق القاشانى | |
| 245 | 1 | 0 |
_aاصطلاحات الصوفية / _cكمال الدين عبدالرزاق القاشانى |
| 700 | 1 | _aمحمد كمال ابراهيم جعفر | |
| 300 | _a207 ص | ||
| 490 |
_aمركز تحقيق التراث _v0 |
||
| 650 | 0 | 4 | _aاللغة العربية |
| 650 | 0 | 4 | _aاللغة العربية - المصطلحات |
| 650 | 0 | 4 | _aاصطلاحات الصوفية |
| 942 |
_2ddc _cBK |
||
| 999 |
_c50971 _d50971 |
||